Responsabilidad médica: estándares jurisprudenciales de la falta de servicio
Uloženo v:
| Hlavní autoři: | , |
|---|---|
| Médium: | Kniha |
| Jazyk: | španělština |
| Vydáno: |
Santiago
Legal Publishing
2011
|
| Vydání: | 1a. ed |
| Témata: | |
| Tagy: |
Přidat tag
Žádné tagy, Buďte první, kdo vytvoří štítek k tomuto záznamu!
|
MARC
| LEADER | 00000cam a2200000 a 4500 | ||
|---|---|---|---|
| 001 | UCG8566 | ||
| 003 | CL-VaPUC | ||
| 008 | 111216e20111100CL |||||||||||||||||spa|d | ||
| 020 | |a 9789563460759 | ||
| 082 | 0 | 4 | |a 344.83041 |b CAR |2 21 |
| 100 | 0 | |a Cárdenas Villarreal, Hugo |e author |9 559650 | |
| 700 | 0 | |a Moreno Molinet, Jaime |e author |9 559651 | |
| 245 | 1 | 0 | |a Responsabilidad médica: estándares jurisprudenciales de la falta de servicio |
| 250 | |a 1a. ed | ||
| 300 | |a 240 p | ||
| 942 | |c BK | ||
| 945 | |d 20111216 00:00:00 |a dcastane | ||
| 260 | |a Santiago |b Legal Publishing |c 2011 | ||
| 650 | 0 | |a Responsabilidad médica |9 357519 | |
| 650 | 0 | |a Jurisprudencia |9 255952 | |
| 650 | 7 | |a RESPONSABILIDAD CIVIL |2 CL-VaPUC |9 559652 | |
| 650 | 0 | |a Responsabilidad penal |9 254899 | |
| 650 | 0 | |a Responsabilidad administrativa |9 256129 | |
| 583 | |a last modification |c 20111216 11:30:00 |k Rodrigo Vera | ||
| 999 | |c 346173 |d 346171 | ||
| 952 | |0 0 |1 0 |4 0 |6 344_830410000000000_CAR_2011 |7 0 |8 A |9 446754 |a BIBDER |b BIBDER |d 2019-11-22 |i 4815874 |l 4 |m 1 |o 344.83041 CAR 2011 |p 4815874 |r 2024-05-13 |s 2024-05-13 |w 2019-11-22 |y BK |k DER | ||